Vista normal Vista MARC

Entrada Geographic Name

Número de registros utilizados en: 1

001 - CONTROL NUMBER

  • control field: 69103

003 - CONTROL NUMBER IDENTIFIER

  • control field: OSt

005 - DATE AND TIME OF LATEST TRANSACTION

  • control field: 20260220214129.0

008 - FIXED-LENGTH DATA ELEMENTS

  • fixed length control field: 260220|| aca||aabn | a|a d

040 ## - CATALOGING SOURCE

  • Original cataloging agency: OSt
  • Transcribing agency: OSt

151 ## - HEADING--GEOGRAPHIC NAME

  • Geographic name: Colombia
  • General subdivision: Descripciones y viajes
  • Chronological subdivision: Siglo XXI

670 ## - SOURCE DATA FOUND

  • Source citation: Work cat.: (OSt)60569: Vasco, Irene, 1952-, autora 1899, Lugares fantásticos de Colombia / autora, Irene Vasco ; ilustraciones, José Rosero ; selección de textos, Beatriz Helena Robledo









Instituto Departamental de Cultura del Meta - Red Departamental de Bibliotecas Públicas del Meta.